000 01287pab a2200193 454500
008 180718b2003 xxu||||| |||| 00| 0 eng d
100 _aTewari, Amitabh
245 _aWater resource management in India: Issues and options
260 _c2003
300 _ap.411-420.
362 _aJul-Sep
520 _aWater being a finite yet indispensable and vulnerable source needs to be managed scientifically. This can be achieved by augmentation of water resources on one hand and conservation and judicious utilisation on the other. Agriculture being the most water intensive sector, appropriate techniques of irrigation, cropping and conservation need to be developed and applied. The authors are of the view that the time has come when `development mode' of water resources yields to `management mode'. The prime challenge is not just supply side innovations but to put into operation a range of corrective measures for consumption pattern. They conclude by emphasising that efficient water resources management calls for full participation of all stakeholders. - Reproduced.
650 _aWater resources management - India
650 _aWater resources management
700 _aTewari, Suruchi
773 _aIndian Journal of Public Administration
908 _aN
909 _a58584
999 _c58584
_d58584